<?xml version="1.0" encoding="UTF-8"?>
<record
    xmlns:xsi="http://www.w3.org/2001/XMLSchema-instance"
    xsi:schemaLocation="http://www.loc.gov/MARC21/slim http://www.loc.gov/standards/marcxml/schema/MARC21slim.xsd"
    xmlns="http://www.loc.gov/MARC21/slim">

  <leader>02797nam a2200289 i 4500</leader>
  <controlfield tag="003">CSPC</controlfield>
  <controlfield tag="005">20260427102540.0</controlfield>
  <controlfield tag="007">ta</controlfield>
  <controlfield tag="008">251222s2020    ii       b    001 0 eng  </controlfield>
  <datafield tag="020" ind1=" " ind2=" ">
    <subfield code="a">9789352696116</subfield>
  </datafield>
  <datafield tag="040" ind1=" " ind2=" ">
    <subfield code="a">CSPC</subfield>
    <subfield code="b">eng </subfield>
    <subfield code="c">CSPC</subfield>
    <subfield code="d">CSPC</subfield>
    <subfield code="e">rda</subfield>
  </datafield>
  <datafield tag="050" ind1="0" ind2="0">
    <subfield code="a">KF6369.85</subfield>
    <subfield code="b">.I536 2020</subfield>
  </datafield>
  <datafield tag="082" ind1="0" ind2="4">
    <subfield code="a">336.24</subfield>
    <subfield code="b">In214</subfield>
  </datafield>
  <datafield tag="245" ind1="0" ind2="0">
    <subfield code="a">Income taxation /</subfield>
    <subfield code="c">edited by Sandeep Choudhary.</subfield>
  </datafield>
  <datafield tag="264" ind1=" " ind2="1">
    <subfield code="a">New Delhi, India : </subfield>
    <subfield code="b">Random Publications, </subfield>
    <subfield code="c">2020.</subfield>
  </datafield>
  <datafield tag="300" ind1=" " ind2=" ">
    <subfield code="a">viii, 264 pages ;</subfield>
    <subfield code="c">24 cm. </subfield>
  </datafield>
  <datafield tag="336" ind1=" " ind2=" ">
    <subfield code="2">rdacontent </subfield>
    <subfield code="a">text</subfield>
  </datafield>
  <datafield tag="337" ind1=" " ind2=" ">
    <subfield code="2">rdamedia</subfield>
    <subfield code="a">unmediated </subfield>
  </datafield>
  <datafield tag="338" ind1=" " ind2=" ">
    <subfield code="2">rdacarrier </subfield>
    <subfield code="a">volume </subfield>
  </datafield>
  <datafield tag="504" ind1=" " ind2=" ">
    <subfield code="a">Includes bibliographical references and index. </subfield>
  </datafield>
  <datafield tag="505" ind1="0" ind2=" ">
    <subfield code="a">Taxation -- Income statement -- Transfer pricing and taxation -- Tax valuation -- Tax considerations -- Business taxation -- The balance sheet -- Tax audit -- Bills of exchange -- Accounting theory and practice. </subfield>
  </datafield>
  <datafield tag="520" ind1=" " ind2=" ">
    <subfield code="a">"An income tax is a tax that governments impose on income generated by businesses and individuals within their jurisdiction. By law, taxpayers must file an income tax return annually to determine their tax obligations. Income taxes are a source of revenue for governments. They are used to fund public services, pay government obligations, and provide goods for citizens. Certain investments, like housing authority bonds, tend to be exempt from income taxes. Individual income tax is also referred to as personal income tax and is levied on wages, salaries, and other types of income. This tax is usually tax the state imposes. Because of exemptions, deductions, and credits, most individuals do not pay taxes on al of their income. The IRS offers a series of deductions (e.g. deductions for health care, investments and education expenses) which taxpayers use to reduce their taxable income. Income has been very widely defined in the Income-tax Act. In simple words, income includes salary, pension, rental income, profits out of any business or profession, any profit made out of the sale of any specified asset, interest income, dividends, royalty income etc. Most systems define income subject to tax broadly for residents, but tax nonresidents only on specific types of income. What is included in income for individuals may differ from what is included for entities. The timing of recognizing income may differ by type of taxpayer or type of income. At the end of the book, useful suggestions have been made so as to review the personal income tax laws in the light of these recommendations"-- Back cover.</subfield>
  </datafield>
  <datafield tag="650" ind1=" " ind2="0">
    <subfield code="a">Income tax</subfield>
    <subfield code="x">Law and legislation.</subfield>
  </datafield>
  <datafield tag="700" ind1="1" ind2=" ">
    <subfield code="a">Choudhary, Sandeep,</subfield>
    <subfield code="e">editor.</subfield>
  </datafield>
  <datafield tag="942" ind1=" " ind2=" ">
    <subfield code="2">ddc</subfield>
    <subfield code="n">0</subfield>
    <subfield code="c">BK</subfield>
    <subfield code="h">336.24</subfield>
    <subfield code="k">CIR</subfield>
    <subfield code="m">2020</subfield>
    <subfield code="i">In214</subfield>
  </datafield>
  <datafield tag="952" ind1=" " ind2=" ">
    <subfield code="0">0</subfield>
    <subfield code="1">0</subfield>
    <subfield code="2">ddc</subfield>
    <subfield code="4">0</subfield>
    <subfield code="7">0</subfield>
    <subfield code="a">BUHI</subfield>
    <subfield code="b">BUHI</subfield>
    <subfield code="c">CIR</subfield>
    <subfield code="d">2025-12-22</subfield>
    <subfield code="e">GAA</subfield>
    <subfield code="l">0</subfield>
    <subfield code="o">CIR 336 In214 2020</subfield>
    <subfield code="p">001754-BUH</subfield>
    <subfield code="r">2025-12-22 00:00:00</subfield>
    <subfield code="t">1-1</subfield>
    <subfield code="w">2025-12-22</subfield>
    <subfield code="y">BK</subfield>
  </datafield>
  <datafield tag="952" ind1=" " ind2=" ">
    <subfield code="0">0</subfield>
    <subfield code="1">0</subfield>
    <subfield code="2">ddc</subfield>
    <subfield code="4">0</subfield>
    <subfield code="7">0</subfield>
    <subfield code="a">CSPC</subfield>
    <subfield code="b">CSPC</subfield>
    <subfield code="c">CIR</subfield>
    <subfield code="d">2026-04-21</subfield>
    <subfield code="l">0</subfield>
    <subfield code="o">CIR 336.24 In214 2020</subfield>
    <subfield code="p">031691</subfield>
    <subfield code="r">2026-04-21 15:57:53</subfield>
    <subfield code="t">1-1</subfield>
    <subfield code="w">2026-04-21</subfield>
    <subfield code="y">BK</subfield>
  </datafield>
  <datafield tag="999" ind1=" " ind2=" ">
    <subfield code="c">31297</subfield>
    <subfield code="d">31297</subfield>
  </datafield>
</record>
